00970cam a22002775a 4500001001400000003000400014005001700018008004100035020001800076020001500094040004400109082002000153100002000173245006500193250001200258260004700270300003500317500002900352500002600381504003300407650004600440653002500486942000800511999001700519952015600536ssj0000485823OSt20161115140952.0101015s2010 enka frbd 001 0 eng d z9780335227235 z0335227236 aCaPaEBRcCaPaEBRdWaSeSSdEG-ScBUEbeng04222a302.23bBUR1 aBurton, Graeme.10aMedia and society :bcritical perspectives /cGraeme Burton. a2nd ed. aBerkshire :bOpen University Press,c2010. avii, 342 p. :bill. ; c24 cm. aGlossary : p. [313]-322. aIndex : p. [341]-342. aBibliography : p. [323]-336. 7aMass mediaxSocial aspects.2BUEsh939331 bCOMAMEcNovember2016 2ddc c23151d23123 00102ddc40708BaccahaMAINbMAINc1STd2016-11-15ePurchaseg480.00h25144l2m9o302.23 BURp000034787r2025-07-15 00:00:00s2021-11-01v600.00yBB